000 00472nam a2200181Ia 4500
001 1948
005 20260306143806.0
008 260306t2016||||xx |||||||||||||| ||spa||
041 _aESP
082 _a158.39
_bN514
100 _aNahoul Serio, Vanessa
_eAUT
245 0 _aTécnica de entrevista con adolescentes:
_bintegrando modelos psicológicos
260 _c2016
300 _a201 páginas :
_c24 cm.
650 _aGEN
654 _aCPS
942 _cLIB
_dJUS
_fJUS
_2ddc
_n
999 _c1948
_d1948